| 000 | 01553nam0a2200349 4500 | ||
|---|---|---|---|
| 001 | RU\NLR\bibl\1209828 | ||
| 005 | 20260405174439.0 | ||
| 010 |
_a978-5-93972-616-0 _bв пер. |
||
| 035 | _a(nilc)EL/0000153560 | ||
| 035 | _a(NLR Aleph) 001196259 | ||
| 090 |
_a1748794 _c1748794 |
||
| 100 | _a20071112d2007 |||y0rusy50 ca | ||
| 101 | 0 | _arus | |
| 102 | _aRU | ||
| 105 | _aa ||||||||| | ||
| 200 | 1 |
_aТерминологический словарь-справочник по нефтепромысловому делу _fБ. М. Сучков |
|
| 210 |
_aМосква _aИжевск _cR&C Dynamics _cИнститут компьютерных исследований _d2007 |
||
| 215 |
_a699 с. _cил. _d21 |
||
| 225 | 1 |
_aСовременные нефтегазовые технологии _fредсовет: отв. ред. А.В. Борисов, И.С. Мамаев |
|
| 320 | _aБиблиогр.: с. 668-673 (76 назв.) и в конце терминов | ||
| 320 | _aПредм. указ.: с. 674-688 | ||
| 606 | 1 |
_aНефть _jТерминологические словари _xДобыча _91080697 _3RU\NLR\auth\66422365 |
|
| 686 |
_a33.36я2 _vLBC/RL _2rubbk |
||
| 686 | _aИ361я212 | ||
| 700 | 1 |
_4070 _8rus _7ca _aСучков _bБ. М. _f1936- _gБорис Михайлович _3RU\NLR\auth\7775685 _958613 |
|
| 801 | 0 |
_aRU _bНБР Удмуртия _c20071112 _grcr |
|
| 801 | 1 |
_aRU _bНБР Удмуртия _c20071112 |
|
| 801 | 2 |
_aRU _bNLR _c20080403 _grcr |
|
| 830 | _aпо кн | ||
| 942 | _cBOOK | ||
| 980 | _aNB | ||